| 000 | 01154nam a2200301 a 4500 | ||
|---|---|---|---|
| 001 | BRL_1405 | ||
| 005 | 20190320211204.0 | ||
| 008 | 130114s1970----mx-#######---#000-0#spa-# | ||
| 041 | _aspa | ||
| 044 | _amx | ||
| 050 | 4 |
_aF1219.1 _b.B68 1970 |
|
| 100 | 1 |
_aBoturini Benaducci, Lorenzo _d1702-1750 _926795 |
|
| 245 | 1 | 0 | _aTezcoco en los últimos tiempos de sus antiguos reyes |
| 260 |
_aMéxico _bBiblioteca Enciclopédica del Estado de México _c1970 |
||
| 300 |
_a276 p. _c23 cm. |
||
| 440 | 0 |
_aBiblioteca Enciclopédica del Estado de México _926796 |
|
| 500 | _aAu1683 | ||
| 500 | _aEstado físico: Pasta desprendida de la parte inferior | ||
| 500 | _aArriba del título: Carlos Maria de Bustamante. | ||
| 500 | _aEdición facsimilar de la de 1826-27 preparada con un estudio e índice de nombres por Ernesto Lemoine | ||
| 500 | _aVer también número de sistema 2654 perteneciente al Fondo General Franz Mayer | ||
| 650 | 1 | 4 |
_aMéxico _xHistoria _9564 |
| 651 | 4 |
_aTexcoco _xHistoria _926797 |
|
| 700 | 1 |
_aBustamante, Carlos María de, _f1774-1848 _9555 |
|
| 700 | 1 |
_aLemoine Villicaña, Ernesto _926798 |
|
| 902 | _aGRL | ||
| 942 |
_2lcc _cB |
||
| 999 |
_c10215 _d10215 |
||